| 000 | 00451nam a2200169Ia 4500 | ||
|---|---|---|---|
| 008 | 230917s9999||||xx |||||||||||||| ||und|| | ||
| 020 | _cRS650 | ||
| 040 |
_e249027 _aMAIN |
||
| 041 | _aEnglish | ||
| 082 | _a658.872 G959D | ||
| 100 | _aGupta, Seema | ||
| 245 | 0 | _aDigital marketing | |
| 260 |
_aChennai _bMcgraw Hill Education (India) _c2018 |
||
| 300 | _axxiv, 404 p. | ||
| 500 | _a3200 26/07/2018 HBD18/7478 24/08/2018 Main Budget | ||
| 942 | _cBK | ||
| 999 |
_c27521 _d27521 |
||